[Event "Druzynowe Mistrzostwa Polski Juniorow - Ekstraliga 2021"]
[Site "Lublin"]
[Date "1899-12-30"]
[Round "1.25"]
[White "Seemann, Jakub"]
[Black "Mis, Mieszko"]
[Result "1/2-1/2"]
[WhiteTitle "FM"]
[BlackTitle "FM"]
[WhiteElo "2305"]
[BlackElo "2336"]

1. e4 c6 2. d4 d5 3. e5 Bf5 4. h4 h5 5. Bd3 Bxd3 6. Qxd3 e6 7. Nf3 Qa5+ 8. Nbd2
Qa6 9. c4 Ne7 10. b3 Nf5 11. Bb2 Nd7 12. g3 Be7 13. O-O O-O 14. Rfd1 Rfd8 15.
Qc2 b6 16. Ne1 Rac8 17. Nd3 c5 18. cxd5 cxd4 19. Qb1 Nc5 20. Nf4 g6 21. d6 Bf8
22. Nf3 Bh6 23. Nd3 Ne4 24. Bxd4 Qb7 25. Nde1 Bg7 26. Qd3 Nxd4 27. Qxd4 Rxd6 28.
Qe3 Rxd1 29. Rxd1 Nc3 30. Rd3 Nd5 31. Qe4 Qa6 32. Ng5 Rc1 33. Rf3 Qa5 34. Kf1
Qb5+ 35. Kg2 Qb4 36. Qxb4 Nxb4 37. Nd3 Nxd3 38. Rxd3 Rc7 39. Rd8+ Bf8 40. Ne4
Kg7 41. Nf6 Rc2 42. Ne8+ Kg8 43. a4 Re2 44. Ra8 Bc5 45. Nf6+ Kg7 46. Rg8+ Kh6
47. Rh8+ Kg7 1/2-1/2

[Event "Druzynowe Mistrzostwa Polski Juniorow - Ekstraliga 2021"]
[Site "Lublin"]
[Date "1899-12-30"]
[Round "1.26"]
[White "Chyzy, Jakub"]
[Black "Grochol, Kamil"]
[Result "1-0"]
[WhiteTitle "FM"]
[BlackTitle "I++"]
[WhiteElo "2257"]
[BlackElo "1978"]

1. e4 c5 2. Nf3 d6 3. d4 cxd4 4. Qxd4 Nf6 5. Nc3 Nc6 6. Bb5 Bd7 7. Bxc6 Bxc6 8.
Bg5 e6 9. O-O-O Be7 10. Rhe1 O-O 11. Kb1 Qc7 12. Qd2 Rfd8 13. Nd4 Rab8 14. f3
b5 15. g4 b4 16. Nce2 Ba8 17. Ng3 a5 18. Nh5 Ne8 19. h4 a4 20. Bxe7 Qxe7 21. g5
Rdc8 22. Nf4 Qc7 23. Nde2 b3 24. cxb3 axb3 25. a3 Qc2+ 26. Ka1 Bb7 27. Nc3 Qxd2
28. Rxd2 Ba6 29. Red1 Rc7 30. Ng2 Kf8 31. Ne3 Rbc8 32. Rd4 Rb8 33. Kb1 Rc6 34.
f4 Ke7 35. f5 Rc5 36. Rb4 Rcc8 37. Rbd4 Rc7 38. Re1 Rc5 39. Red1 Bc8 40. Rb4 Rxb4
41. axb4 Rc7 42. Rd4 Rb7 43. b5 Nc7 44. Rb4 Bd7 45. b6 Na6 46. Rxb3 Bc6 47. Nc4
Nc5 48. Ra3 Nxe4 49. fxe6 fxe6 50. Ra6 Nxc3+ 51. bxc3 Be4+ 52. Kc1 Kd7 53. Na5
Rb8 54. Ra7+ Kd8 55. Nc4 Bd3 56. Rxg7 Rc8 57. b7 Rb8 58. Nxd6 1-0

[Event "Druzynowe Mistrzostwa Polski Juniorow - Ekstraliga 2021"]
[Site "Lublin"]
[Date "1899-12-30"]
[Round "1.27"]
[White "Jendrowiak, Maciej"]
[Black "Sowinski, Pawel"]
[Result "0-1"]
[WhiteTitle "II+"]
[BlackTitle "I++"]
[WhiteElo "1472"]
[BlackElo "2006"]

1. d4 Nf6 2. Nf3 c5 3. d5 b5 4. c3 d6 5. e4 a6 6. Nbd2 g6 7. g3 Bg7 8. Bg2 O-O
9. O-O Nbd7 10. Re1 Bb7 11. Qc2 c4 12. b3 cxb3 13. axb3 Rc8 14. Bb2 Qb6 15. h3
Nh5 16. Nf1 Rc7 17. b4 Rfc8 18. Ra3 Rc4 19. Qd2 Qc7 20. Rc1 Nb6 21. Ne3 Rxe4 22.
Ng5 Nc4 23. Nxc4 Rxc4 24. Bf1 Nf6 25. Bxc4 Qxc4 26. Re1 Nxd5 27. Ne4 Qc6 28. Qd3
f5 29. Ng5 Nf4 30. Qf3 Nxh3+ 31. Kh2 Nxg5 32. Qxc6 Bxc6 33. Rxe7 Nf3+ 34. Kh3
Bf8 35. Ra7 Re8 36. R7xa6 Bd5 37. c4 bxc4 38. R6a5 Be4 39. b5 d5 40. R3a4 Bd3
41. Kg2 Ne1+ 42. Kg1 Nc2 43. Ra8 Re1+ 44. Kh2 Be4 45. g4 f4 0-1

[Event "Druzynowe Mistrzostwa Polski Juniorow - Ekstraliga 2021"]
[Site "Lublin"]
[Date "1899-12-30"]
[Round "1.28"]
[White "Krawczyk, Flawian"]
[Black "Seemann, Pola"]
[Result "1-0"]
[WhiteTitle "I+"]
[BlackTitle "I++"]
[WhiteElo "1942"]
[BlackElo "1607"]

1. d4 Nf6 2. c4 e6 3. Nf3 b6 4. g3 Bb7 5. Bg2 Be7 6. O-O O-O 7. Re1 Ne4 8. Nfd2
d5 9. Nxe4 dxe4 10. Nc3 f5 11. f3 exf3 12. exf3 Bf6 13. Be3 Nc6 14. f4 Rb8 15.
d5 Na5 16. dxe6 Qxd1 17. Raxd1 Bxg2 18. Kxg2 Nxc4 19. Rd7 c6 20. Bd4 Bxd4 21.
Rxd4 b5 22. b3 Nb6 23. Re5 g6 24. Rc5 Rbc8 25. Rd6 b4 26. Ne2 Nd5 27. Nd4 Nf6
28. e7 Rfe8 29. Rxf6 Rxe7 30. Rfxc6 Rd8 31. Rc8 Ree8 32. Rxd8 Rxd8 33. Rc4 1-0

[Event "Druzynowe Mistrzostwa Polski Juniorow - Ekstraliga 2021"]
[Site "Lublin"]
[Date "1899-12-30"]
[Round "1.29"]
[White "Kroliczek, Gabriela"]
[Black "Wikar, Martyna"]
[Result "1/2-1/2"]
[WhiteTitle "k"]
[BlackTitle "k++"]
[WhiteElo "1990"]
[BlackElo "2125"]

1. e4 c5 2. Nf3 d6 3. Bb5+ Nd7 4. Ba4 Ngf6 5. O-O e5 6. Re1 Be7 7. c3 O-O 8. d4
a6 9. Bc2 Qc7 10. a4 b6 11. Bg5 h6 12. Bh4 Bb7 13. Nbd2 b5 14. Nf1 Rfe8 15. Bxf6
Bxf6 16. d5 c4 17. Ng3 g6 18. Qd2 Bg7 19. h4 Nc5 20. h5 Qd7 21. Kh2 bxa4 22. Qe2
a5 23. Rh1 Ba6 24. hxg6 fxg6 25. Nh4 Qe7 26. Nxg6 Qg5 27. Qh5 Qxh5+ 28. Nxh5 Reb8
29. Ne7+ Kf7 30. Nxg7 Rxb2 31. Bxa4 Nxa4 32. Rxa4 Bb5 33. Raa1 Kxe7 34. Kg1 a4
35. Nf5+ Kf6 36. Rxh6+ Kg5 37. Rh1 a3 38. Nxd6 a2 39. g3 Rb1+ 40. Kg2 Rxh1 41.
Rxh1 a1=Q 42. Rxa1 Rxa1 43. Nxb5 Rc1 44. Kf3 Rd1 45. Kg2 Rd3 46. Kh3 Rd2 1/2-1/2

[Event "Druzynowe Mistrzostwa Polski Juniorow - Ekstraliga 2021"]
[Site "Lublin"]
[Date "1899-12-30"]
[Round "1.30"]
[White "Pawicka, Magdalena"]
[Black "Gaszka, Zuzanna"]
[Result "1-0"]
[WhiteTitle "k+"]
[BlackTitle "I++"]
[WhiteElo "1799"]
[BlackElo "1474"]

1. e4 e5 2. Nf3 Nc6 3. d4 exd4 4. Nxd4 Nf6 5. Nc3 Bb4 6. Nxc6 bxc6 7. Bd3 d5 8.
exd5 O-O 9. O-O Bg4 10. f3 Bh5 11. g4 Bg6 12. Bxg6 hxg6 13. dxc6 Qe7 14. g5 Bxc3
15. bxc3 Nh5 16. f4 Qc5+ 17. Qd4 Qxc6 18. Bb2 Rfd8 19. Qf2 Rab8 20. Rab1 Qe6 21.
Qxa7 Qg4+ 22. Kh1 Nxf4 23. Qf2 Nh3 24. Qxf7+ Kh7 25. c4 Rd7 26. Qf3 Qxf3+ 27.
Rxf3 Nxg5 28. Rb3 Rxb3 29. cxb3 Rd2 30. Bc3 Rxa2 31. Rb2 Rxb2 32. Bxb2 Nf3 33.
Bc3 Kg8 34. Kg2 Ng5 35. Be5 c6 36. b4 Ne6 37. b5 cxb5 38. cxb5 Nc5 39. Kf3 Kf7
40. Ke3 Ke6 41. Bxg7 Kd5 42. Bd4 Nb7 43. Ba7 Ke5 44. Bb8+ Kd5 45. Kf4 Ke6 46.
Ke4 Nc5+ 47. Kd4 Nb7 48. Kc4 Kd7 49. Kd5 Nd8 50. Kc5 Ne6+ 51. Kb6 Nd4 52. Ka6
Nb3 53. Ba7 Kc8 54. Be3 Kb8 55. b6 g5 56. b7 Na5 57. Ba7+ 1-0

[Event "Druzynowe Mistrzostwa Polski Juniorow - Ekstraliga 2021"]
[Site "Lublin"]
[Date "1899-12-30"]
[Round "2.1"]
[White "Luczak, Filip"]
[Black "Mis, Mieszko"]
[Result "0-1"]
[WhiteTitle "FM"]
[BlackTitle "FM"]
[WhiteElo "2313"]
[BlackElo "2336"]

1. c4 Nf6 2. d4 e6 3. g3 d5 4. Bg2 dxc4 5. Nf3 c6 6. Ne5 Bb4+ 7. Bd2 Be7 8. Bc3
a5 9. Nxc4 b5 10. Ne5 b4 11. Bd2 O-O 12. Bg5 h6 13. Bxf6 Bxf6 14. O-O Qb6 15.
e3 Bxe5 16. dxe5 Ba6 17. Re1 Rd8 18. Qc2 Nd7 19. Nd2 Nxe5 20. Nb3 Bc4 21. Nd4
Bd5 22. Rec1 Rac8 23. Qc5 Qb7 24. Bf1 Nd7 25. Qe7 c5 26. Nb5 Ne5 27. Qxb7 Bxb7
28. f4 Nf3+ 29. Kf2 Rd2+ 30. Be2 Nxh2 31. Ke1 Rxb2 32. Nd6 Bf3 33. Bxf3 Nxf3+
34. Kf1 Rd8 35. Ne4 f5 36. Nf2 Rdd2 37. Nd1 Nh2+ 38. Kg1 Rg2+ 39. Kh1 Nf3 40.
Nxb2 Rh2# 0-1

[Event "Druzynowe Mistrzostwa Polski Juniorow - Ekstraliga 2021"]
[Site "Lublin"]
[Date "1899-12-30"]
[Round "2.2"]
[White "Chyzy, Jakub"]
[Black "Poltorak, Sebastian"]
[Result "1/2-1/2"]
[WhiteTitle "FM"]
[BlackTitle "k"]
[WhiteElo "2257"]
[BlackElo "2181"]

1. e4 c5 2. Nc3 Nc6 3. Bb5 Qc7 4. Nf3 Nf6 5. O-O Nd4 6. d3 e5 7. Nxd4 cxd4 8. Ne2
a6 9. Ba4 b5 10. Bb3 d6 11. c3 dxc3 12. Nxc3 Be7 13. Bg5 O-O 14. Rc1 Qd7 15. f4
Qg4 16. Bxf6 Bxf6 17. Qxg4 Bxg4 18. f5 b4 19. Nd5 Be2 20. Rfe1 Bxd3 21. Nxb4 Bb5
22. Red1 Rfc8 23. a4 Be2 24. Rxc8+ Rxc8 25. Re1 Rb8 26. Rxe2 Rxb4 27. Bd5 Bg5
28. Kf2 Bc1 29. b3 Rd4 30. a5 Bd2 31. Bc4 Bxa5 32. Bxa6 Bd2 33. Bc4 g6 34. g4
1/2-1/2

[Event "Druzynowe Mistrzostwa Polski Juniorow - Ekstraliga 2021"]
[Site "Lublin"]
[Date "1899-12-30"]
[Round "2.3"]
[White "Meers, Hubert"]
[Black "Sowinski, Pawel"]
[Result "1-0"]
[WhiteTitle "k"]
[BlackTitle "I++"]
[WhiteElo "1974"]
[BlackElo "2006"]

1. e4 c5 2. Nf3 e6 3. d4 cxd4 4. Nxd4 Nc6 5. Nc3 Qc7 6. g3 a6 7. Bg2 Nf6 8. O-O
h5 9. Re1 Nxd4 10. Qxd4 Bc5 11. Bf4 d6 12. Qd2 Ng4 13. Re2 Bd7 14. b4 Bxb4 15.
Nd5 exd5 16. Qxb4 Qc4 17. exd5+ Qxe2 18. Re1 Qxe1+ 19. Qxe1+ Ne5 20. Bxe5 dxe5
21. Qxe5+ Kf8 22. Qd6+ Ke8 23. Qb4 Rh6 24. Qxb7 Rc8 25. Qb4 Bb5 26. a4 Bc4 27.
Bh3 1-0

[Event "Druzynowe Mistrzostwa Polski Juniorow - Ekstraliga 2021"]
[Site "Lublin"]
[Date "1899-12-30"]
[Round "2.4"]
[White "Krawczyk, Flawian"]
[Black "Dziewonski, Dariusz"]
[Result "1/2-1/2"]
[WhiteTitle "I+"]
[BlackTitle "I++"]
[WhiteElo "1942"]
[BlackElo "1963"]

1. d4 d5 2. c4 e6 3. Nf3 Nf6 4. g3 Be7 5. Bg2 O-O 6. Qc2 dxc4 7. Qxc4 Bd7 8. Ne5
Bc6 9. Nxc6 Nxc6 10. e3 Nd5 11. Bd2 Qd7 12. O-O Rfd8 13. Nc3 Nb6 14. Qe2 e5 15.
d5 Nb4 16. e4 Nc2 17. Rac1 Nd4 18. Qd3 c5 19. Be3 Rac8 20. h4 Qg4 21. Qd1 Qxd1
22. Rfxd1 Nc4 23. Bh3 Nxb2 24. Rf1 Rb8 25. Bg4 g6 26. Bxd4 cxd4 27. Nd1 Nd3 28.
Rc2 Bd6 29. f3 Rf8 30. Nb2 Nxb2 31. Rxb2 b6 32. Bd7 Bc5 33. Kg2 Rb7 34. Bc6 Rc7
35. h5 Kg7 36. f4 f6 37. f5 gxf5 38. Rxf5 h6 39. Kf3 Rcf7 40. Ke2 Kh7 41. Kd3
Be7 42. Rg2 Bc5 43. Rgf2 Kg7 44. Rh2 Kh7 45. Rhf2 a6 46. a4 Kg7 47. Rb2 Rb8 48.
Kc4 Kf8 49. Rf3 Ke7 50. a5 Kd6 51. axb6 Rxb6 52. Rxb6 1/2-1/2

[Event "Druzynowe Mistrzostwa Polski Juniorow - Ekstraliga 2021"]
[Site "Lublin"]
[Date "1899-12-30"]
[Round "2.5"]
[White "Zabrzanska, Weronika"]
[Black "Wikar, Martyna"]
[Result "0-1"]
[WhiteTitle "k"]
[BlackTitle "k++"]
[WhiteElo "1976"]
[BlackElo "2125"]

1. e4 c5 2. Nf3 Nc6 3. d4 cxd4 4. Nxd4 e5 5. Nb5 d6 6. c4 Be6 7. Bd3 Be7 8. N1c3
a6 9. Na3 Nf6 10. O-O O-O 11. Nc2 Rc8 12. b3 Nd7 13. Ne3 Nc5 14. Ncd5 Bg5 15.
Bb2 Bxe3 16. Nxe3 Qg5 17. Bc2 Rfd8 18. a4 b5 19. axb5 axb5 20. Nd5 bxc4 21. bxc4
Bxd5 22. cxd5 Nb4 23. Ba3 Nxc2 24. Qxc2 Ne6 25. Qd1 Nf4 26. g3 Qg6 27. Kh1 Nh3
28. Qd3 h5 29. Bc1 h4 30. Qf3 Rc4 31. Kg2 Nf4+ 32. Bxf4 exf4 33. Qxf4 Rxe4 34.
Qf3 Rde8 35. Ra3 R4e5 36. Qd3 Qh5 37. gxh4 Qxh4 38. Kh1 Rh5 39. h3 g6 40. Qf3
Rf5 41. Qg2 Qd4 42. Rg3 Kg7 43. Rg1 Qxd5 44. f3 Re6 45. Qb2+ Ref6 46. Rf1 Qd3
47. Rf2 Rb5 48. Qd2 Qxd2 49. Rxd2 Rb3 50. Kg2 Kf8 51. h4 Ke7 52. Rh3 Rf5 53. Kf2
d5 54. Ke2 Ke6 55. Rg3 Rb4 56. Rh3 Rh5 57. Rh1 Rbxh4 58. Rxh4 Rxh4 59. Ke3 Ra4
60. Rd3 Ke5 61. Rb3 f5 62. Rb8 Ra3+ 63. Ke2 g5 64. Rb4 f4 65. Rb2 Kd4 66. Rd2+
Kc4 67. Rc2+ Rc3 68. Ra2 Re3+ 69. Kf2 Rb3 0-1

[Event "Druzynowe Mistrzostwa Polski Juniorow - Ekstraliga 2021"]
[Site "Lublin"]
[Date "1899-12-30"]
[Round "2.6"]
[White "Pawicka, Magdalena"]
[Black "Tokarz, Izabela"]
[Result "1/2-1/2"]
[WhiteTitle "k+"]
[BlackTitle "I++"]
[WhiteElo "1799"]
[BlackElo "1621"]

1. e4 c5 2. Nf3 a6 3. c4 Nc6 4. d4 cxd4 5. Nxd4 e5 6. Nc2 Bc5 7. Be3 d6 8. Nc3
Be6 9. Be2 h6 10. O-O Nge7 11. Na4 Bxe3 12. Nxe3 O-O 13. Nc2 f5 14. Nc3 f4 15.
Qd3 Rf6 16. Rfd1 Bf7 17. b4 Qc7 18. Rac1 Rc8 19. Bg4 Rd8 20. Nb1 h5 21. Be2 b6
22. Nba3 Nb8 23. Ne1 Nbc6 24. b5 Nd4 25. bxa6 Nec6 26. Nb5 Qc8 27. a7 Qb7 28.
Nf3 Nxf3+ 29. Bxf3 Nxa7 30. a4 Nc6 31. Qa3 Qb8 32. Rd2 g5 33. h3 Na5 34. Qb4 Nc6
35. Qa3 Na5 36. Qb4 Nc6 37. Qa3 Na5 38. Qb4 Nc6 39. Qa3 Na5 40. Be2 Nb7 41. Nc3
Nc5 42. Qb4 Qb7 43. f3 Qa7 44. Rb1 Ra8 45. Qxb6 Qxb6 46. Rxb6 Nxa4 47. Nxa4 Rxa4
48. Rdxd6 Rxd6 49. Rxd6 Ra1+ 50. Kf2 Rc1 51. Rc6 Kg7 52. Bd3 Bg8 53. Ra6 Rd1 54.
Be2 Rc1 55. Ra5 Kf6 56. c5 Be6 57. Bd3 g4 58. hxg4 hxg4 59. fxg4 Bxg4 60. Ra6+
Ke7 61. Rg6 Be6 62. Rg7+ 1/2-1/2

[Event "Druzynowe Mistrzostwa Polski Juniorow - Ekstraliga 2021"]
[Site "Lublin"]
[Date "1899-12-30"]
[Round "2.7"]
[White "Karolczuk, Iwo"]
[Black "Seemann, Jakub"]
[Result "1-0"]
[WhiteTitle "k"]
[BlackTitle "FM"]
[WhiteElo "2074"]
[BlackElo "2305"]

1. c4 e5 2. g3 Nf6 3. Bg2 d5 4. cxd5 Nxd5 5. Nf3 Nc6 6. O-O Nb6 7. Nc3 Be7 8. d3
O-O 9. Be3 f5 10. b4 Bf6 11. Bc5 Re8 12. e4 Nd4 13. Nxd4 exd4 14. Ne2 fxe4 15.
Bxe4 Bg4 16. Qb3+ Be6 17. Qb2 Na4 18. Qc2 Nxc5 19. bxc5 c6 20. Nf4 Bf7 21. Rab1
Qd7 22. Rb2 g5 23. Ng2 Rab8 24. f3 Re5 25. Qa4 a6 26. Rc1 Be7 27. Rbc2 Rf8 28.
Qa5 Bd5 29. Qe1 Bxe4 30. fxe4 Qg4 31. Qb4 Qd7 32. Qb2 Rf3 33. Ne1 Rf6 34. Ng2
h5 35. Ne3 Rf3 36. Nf5 Rxd3 37. Rf2 Bxc5 38. Nh6+ Kg7 39. Rf7+ Qxf7 40. Nxf7 Kxf7
41. Qxb7+ Be7 42. Rf1+ Kg7 43. Qb8 Bf6 44. Qd6 1-0

[Event "Druzynowe Mistrzostwa Polski Juniorow - Ekstraliga 2021"]
[Site "Lublin"]
[Date "1899-12-30"]
[Round "2.8"]
[White "Grochol, Kamil"]
[Black "Kozlowski, Pawel"]
[Result "1/2-1/2"]
[WhiteTitle "I++"]
[BlackTitle "I++"]
[WhiteElo "1978"]
[BlackElo "1970"]

1. d4 Nf6 2. Nf3 g6 3. g3 Bg7 4. Bg2 O-O 5. O-O d6 6. Re1 Nc6 7. e4 a6 8. c3 Rb8
9. a4 e5 10. h3 h6 11. dxe5 dxe5 12. Nbd2 Be6 13. b4 b5 14. Bf1 Qd7 15. Kh2 Ne8
16. Qc2 f5 17. Nb3 Qf7 18. Nc5 Bc8 19. Qa2 fxe4 20. Ng1 Nd6 21. Be3 Ne7 22. axb5
axb5 23. Qa7 Nc6 24. Qa2 Qxa2 25. Rxa2 Ne7 26. Bg2 Nd5 27. Rc2 Nf6 28. Ne2 Bb7
29. g4 Rf7 30. Ng3 Bd5 31. Kg1 Ra8 32. Bd2 Raf8 33. Bc1 Rd8 34. Ngxe4 Nfxe4 35.
Nxe4 Nxe4 36. Bxe4 Bxe4 37. Rxe4 Rd6 38. Be3 c6 39. Kg2 Rfd7 40. c4 Kf7 41. Ra2
Rb7 42. Ra6 Re6 43. Bd2 g5 44. Bc3 Bf6 45. Kf1 Rd7 46. Ke2 Rb7 47. f3 Bg7 48.
Kd3 Rd7+ 49. Ke2 Rb7 50. Kd3 Rd7+ 51. Kc2 Rb7 52. Be1 Bf6 53. Bc3 Bg7 54. Bd2
Bf6 55. Be3 Be7 56. Bd2 Bf6 57. Bc3 Bg7 1/2-1/2

[Event "Druzynowe Mistrzostwa Polski Juniorow - Ekstraliga 2021"]
[Site "Lublin"]
[Date "1899-12-30"]
[Round "2.9"]
[White "Paszkowski, Krystian"]
[Black "Jendrowiak, Maciej"]
[Result "1/2-1/2"]
[WhiteTitle "I+"]
[BlackTitle "II+"]
[WhiteElo "1782"]
[BlackElo "1472"]

1. e4 e6 2. d4 d5 3. Bd3 Nf6 4. exd5 exd5 5. Nf3 Bd6 6. O-O O-O 7. Bg5 Bg4 8. Nbd2
Nbd7 9. c3 h6 10. Bh4 c6 11. Qc2 Qc7 12. Bg3 Rfe8 13. Rfe1 b6 14. Bxd6 Qxd6 15.
h3 Bxf3 16. Nxf3 c5 17. Bf5 Kf8 18. Bxd7 Qxd7 19. Ne5 Qc7 20. Qd3 Rac8 21. Re3
cxd4 22. Qxd4 Ne4 23. Nf3 Qc5 24. Rd1 Rcd8 25. Red3 Nf6 26. Qxc5+ bxc5 27. Kf1
Re4 28. b3 a5 29. Nd2 Re6 30. Nc4 Ra6 31. Ne3 Rad6 32. Nc4 Ra6 33. Ne3 Rad6 34.
Nc4 1/2-1/2

[Event "Druzynowe Mistrzostwa Polski Juniorow - Ekstraliga 2021"]
[Site "Lublin"]
[Date "1899-12-30"]
[Round "2.10"]
[White "Seemann, Pola"]
[Black "Ptaszynski, Szymon"]
[Result "0-1"]
[WhiteTitle "I++"]
[BlackTitle "II+"]
[WhiteElo "1607"]
[BlackElo "1494"]

1. e4 c5 2. Nf3 a6 3. d4 cxd4 4. Nxd4 Nf6 5. Nc3 e5 6. Nb3 Bb4 7. Bd3 d6 8. Bg5
Be6 9. O-O Bxc3 10. bxc3 Nbd7 11. Qe2 Qc7 12. c4 Rc8 13. Nd2 h6 14. Bxf6 Nxf6
15. Rab1 O-O 16. Kh1 Nd7 17. Qe3 Rb8 18. Rb2 b6 19. Rfb1 Nc5 20. f3 f6 21. Qf2
Qc6 22. Re1 Na4 23. Rbb1 Qc5 24. Qg3 Nc3 25. Rb3 Na4 26. Rbb1 Nc3 27. Ra1 b5 28.
cxb5 axb5 29. Nf1 Nxa2 30. Ne3 Nb4 31. Rab1 Nxd3 32. cxd3 b4 33. Rbc1 Qb6 34.
Nc4 Bxc4 35. Rxc4 b3 36. Rcc1 b2 37. Rb1 Qb3 38. Qf2 Rfc8 39. Qd2 Qc2 40. Qe3
Rc7 41. h3 Qb3 42. Kh2 Rbc8 43. d4 Qxe3 44. Rxe3 exd4 45. Rb3 Rc2 46. R3xb2 Rxb2
47. Rxb2 d5 48. exd5 Rd8 49. Rd2 Rxd5 50. Kg3 Kf7 51. Kf4 f5 52. g4 g5+ 53. Kg3
f4+ 54. Kf2 d3 55. Rd1 Ke6 56. Ke1 Re5+ 57. Kd2 Re2+ 58. Kc3 Rh2 59. Rxd3 Rxh3
60. Kd4 Rh1 61. Ra3 Rd1+ 62. Ke4 Rd6 63. Ra7 Kf6 64. Ra3 Rb6 65. Kd5 Kg6 66. Ra8
h5 67. Kc5 hxg4 68. Rg8+ Kh6 69. Kxb6 gxf3 70. Rh8+ Kg6 71. Rh1 g4 72. Kc5 g3
73. Kd4 f2 74. Ra1 g2 75. Ra6+ Kf5 76. Ra5+ Ke5+ 0-1

[Event "Druzynowe Mistrzostwa Polski Juniorow - Ekstraliga 2021"]
[Site "Lublin"]
[Date "1899-12-30"]
[Round "2.11"]
[White "Marcinczyk, Monika"]
[Black "Kroliczek, Gabriela"]
[Result "1/2-1/2"]
[WhiteTitle "WCM"]
[BlackTitle "k"]
[WhiteElo "2090"]
[BlackElo "1990"]

1. e4 e6 2. d4 d5 3. Nd2 c5 4. Ngf3 cxd4 5. Nxd4 Nf6 6. e5 Nfd7 7. N2f3 Nc6 8.
Nxc6 bxc6 9. c3 Be7 10. Qa4 Qc7 11. Qf4 f6 12. Qg4 Nxe5 13. Qxg7 Nf7 14. Bd3 f5
15. O-O e5 16. Ng5 Bxg5 17. Bxg5 Qd6 18. Rae1 e4 19. f3 Qg6 20. Qd4 Qxg5 21. fxe4
dxe4 22. Bxe4 O-O 23. Bxc6 Rb8 24. Re3 Rd8 25. Qxa7 f4 26. Re7 Rf8 27. b4 Ba6
28. Rfe1 Bc4 29. Bf3 Qg7 30. Qc5 Qxc3 31. Bd5 Rbc8 32. Bxf7+ Bxf7 33. Qg5+ 1/2-1/2

[Event "Druzynowe Mistrzostwa Polski Juniorow - Ekstraliga 2021"]
[Site "Lublin"]
[Date "1899-12-30"]
[Round "2.12"]
[White "Gaszka, Zuzanna"]
[Black "Szczotka, Klara"]
[Result "1/2-1/2"]
[WhiteTitle "I++"]
[BlackTitle "k"]
[WhiteElo "1474"]
[BlackElo "1934"]

1. e4 c5 2. Nf3 e6 3. d4 cxd4 4. Nxd4 a6 5. Nc3 Qc7 6. Bd3 Nf6 7. O-O b5 8. Re1
d6 9. a4 b4 10. Na2 e5 11. Nf3 Nc6 12. h3 Rb8 13. Qe2 a5 14. Bd2 Be6 15. c3 b3
16. Nc1 h6 17. Bb5 Nd7 18. c4 Na7 19. Nxb3 Nxb5 20. axb5 Qxc4 21. Nxa5 Qxb5 22.
Qxb5 Rxb5 23. Nc6 Nc5 24. b4 Nb3 25. Ra8+ Kd7 26. Na5 g5 27. Ra7+ Ke8 28. Nxb3
Bxb3 29. Rc1 Be6 30. Rcc7 Rb8 31. b5 d5 32. exd5 Bxd5 33. Bc3 f6 34. b6 Bd6 35.
Rd7 Rd8 36. Rxd8+ Kxd8 37. b7 Bb8 38. Ra6 Rf8 39. Rb6 Rf7 40. Ba5 Ke8 41. Nd2
Bxb7 42. Ne4 Bxe4 43. Rxb8+ Ke7 44. Rh8 Ke6 45. Rxh6 Rf8 46. f3 Bd3 47. h4 Ra8
48. Bc3 Ra3 49. Bd2 gxh4 50. Bg5 Kf5 51. Bxh4 Ra6 52. g4+ Kf4 53. Rxf6+ Rxf6 54.
Bxf6 Kxf3 55. Bxe5 Kxg4 1/2-1/2

[Event "Druzynowe Mistrzostwa Polski Juniorow - Ekstraliga 2021"]
[Site "Lublin"]
[Date "1899-12-30"]
[Round "2.13"]
[White "Panek, Bartosz"]
[Black "Luberanski, Jakub"]
[Result "0-1"]
[WhiteTitle "I+"]
[BlackTitle "FM"]
[WhiteElo "1878"]
[BlackElo "2306"]

1. d4 Nf6 2. c4 e6 3. Nc3 Bb4 4. Bf4 O-O 5. e3 d5 6. Nf3 c5 7. dxc5 Qa5 8. Qc2
Nc6 9. Be2 dxc4 10. O-O Qxc5 11. Na4 Qa5 12. a3 Be7 13. Bxc4 b5 14. Bd3 Qxa4 15.
Qxc6 Bd7 16. Qc2 Qxc2 17. Bxc2 Nd5 18. Bg3 Rfc8 19. Rfc1 Rc5 20. Ne5 Be8 21. Nd3
Rc6 22. Ne5 Rc5 23. Nd3 Rcc8 24. Bb3 Nb6 25. Be5 Nc4 26. Bd4 f6 27. f4 Bg6 28.
Bxc4 bxc4 29. Ne1 Rab8 30. Rd1 Bc5 31. Rac1 e5 32. fxe5 fxe5 33. Bxc5 Rxc5 34.
Nd3 Bxd3 35. Rxd3 cxd3 36. Rxc5 Rxb2 0-1

[Event "Druzynowe Mistrzostwa Polski Juniorow - Ekstraliga 2021"]
[Site "Lublin"]
[Date "1899-12-30"]
[Round "2.14"]
[White "Czopor, Maciej"]
[Black "Piechota, Kamil"]
[Result "1-0"]
[WhiteTitle "FM"]
[BlackTitle "I"]
[WhiteElo "2279"]
[BlackElo "1649"]

1. Nf3 Nf6 2. d4 g6 3. Bf4 d6 4. e3 Bg7 5. Be2 O-O 6. h3 Nbd7 7. O-O Re8 8. c4
b6 9. Nc3 Bb7 10. Bh2 e5 11. Qc2 exd4 12. Nxd4 Nc5 13. Rac1 Nfe4 14. Nd5 a5 15.
Rfd1 Qh4 16. Bf1 Bxd5 17. cxd5 Bh6 18. Re1 Nf6 19. Bb5 Re4 20. Bg3 Qh5 21. Bc6
Rf8 22. Nb5 Re7 23. Rcd1 Nce4 24. Bh2 g5 25. f3 Nc5 26. Nd4 Nfd7 27. Nf5 Ree8
28. Bxd7 Nxd7 29. Qxc7 Ne5 30. Qxd6 Nxf3+ 31. gxf3 Qxf3 32. Rf1 1-0

[Event "Druzynowe Mistrzostwa Polski Juniorow - Ekstraliga 2021"]
[Site "Lublin"]
[Date "1899-12-30"]
[Round "2.15"]
[White "Kubik, Rafal"]
[Black "Madej, Marek"]
[Result "0-1"]
[WhiteTitle "I"]
[BlackTitle "I"]
[WhiteElo "1761"]
[BlackElo "1805"]

1. e4 c6 2. Nf3 d5 3. Nc3 Nf6 4. e5 Ne4 5. Ne2 Qb6 6. d4 e6 7. Ng3 c5 8. Bd3 f5
9. exf6 Nxf6 10. c3 Nc6 11. O-O Bd6 12. Re1 O-O 13. Bc2 cxd4 14. cxd4 Bd7 15.
a3 Rae8 16. b4 a5 17. bxa5 Nxa5 18. Ne5 Bxe5 19. dxe5 Ng4 20. Be3 Nxe3 21. fxe3
Nc4 22. Qd4 Qc7 23. Bb3 Qxe5 24. Bxc4 Qxd4 25. exd4 dxc4 26. Ne4 Bc6 27. Nd6 Rd8
28. Nxc4 Rxd4 29. Rac1 h6 30. Ne5 Bd5 31. Rc3 Rd2 32. Nf3 Ra2 33. Rce3 Ra8 34.
R3e2 R8xa3 35. Nd4 Rxe2 36. Rxe2 Kf7 37. Nb5 Rb3 38. Nd6+ Ke7 39. Nf5+ Kf6 40.
Ne3 b5 41. Kf2 b4 42. Rd2 Ke5 43. g3 Ra3 44. Nc2 Ra4 45. Ne1 b3 46. Ke3 Re4+ 47.
Kf2 Kd6 48. Nd3 Kc6 49. Nf4 Kc5 50. Ne2 Kb4 51. h4 Rc4 52. Ke3 Ka3 53. Nd4 b2
54. Nb5+ Kb3 55. Nd4+ Rxd4 0-1

[Event "Druzynowe Mistrzostwa Polski Juniorow - Ekstraliga 2021"]
[Site "Lublin"]
[Date "1899-12-30"]
[Round "2.16"]
[White "Grot, Blazej"]
[Black "Karwot, Marek"]
[Result "1/2-1/2"]
[WhiteTitle "CM"]
[BlackTitle "II"]
[WhiteElo "1728"]
[BlackElo "1395"]

1. e4 e6 2. d4 d5 3. Nc3 Nf6 4. e5 Nfd7 5. f4 c5 6. Nf3 Nc6 7. Be3 Be7 8. Qd2 O-O
9. Be2 Rb8 10. O-O b6 11. Nd1 b5 12. c3 c4 13. Qc2 f6 14. exf6 Nxf6 15. Nf2 Bd6
16. Ne5 Ne7 17. g4 g6 18. g5 Nf5 19. Bd2 Bxe5 20. fxe5 Ne8 21. Bg4 Neg7 22. Bxf5
Nxf5 23. Ng4 a5 24. Nf6+ Kh8 25. a3 a4 26. Qd1 Kg7 27. Qg4 Rh8 28. Rf2 Bd7 29.
h4 Be8 30. Raf1 Bf7 31. Rg2 Qc7 32. Rf3 Qa7 33. Rh3 Rb7 34. h5 Kf8 35. hxg6 Bxg6
36. Nh5 Rb8 37. Nf4 Qf7 38. Rf2 Ke8 39. Rfh2 Ke7 40. Qf3 Rbg8 41. Kf2 Kd7 42.
Ke1 Ke7 43. Kd1 Kd7 44. Kc1 Ke7 45. Qh1 Kd7 46. Nxg6 Qxg6 47. Rxh7+ Rxh7 48. Rxh7+
Rg7 49. Rh8 Rg8 50. Qh7+ Qxh7 51. Rxh7+ Rg7 52. Rh8 Ne7 53. Ra8 Rf7 54. Ra7+ Kc8
55. g6 Rg7 56. Bg5 Nf5 57. Rxg7 Nxg7 58. Bf6 Nf5 59. g7 Nh6 60. Kd2 Kd7 61. Ke3
Ke8 62. Kf4 Kf7 63. Kg5 Nf5 1/2-1/2

[Event "Druzynowe Mistrzostwa Polski Juniorow - Ekstraliga 2021"]
[Site "Lublin"]
[Date "1899-12-30"]
[Round "2.17"]
[White "Bugaj, Hanna"]
[Black "Harazinska, Magdalena"]
[Result "0-1"]
[WhiteTitle "I++"]
[BlackTitle "WFM"]
[WhiteElo "1769"]
[BlackElo "2034"]

1. d4 Nf6 2. c4 c5 3. d5 e6 4. Nc3 exd5 5. cxd5 d6 6. e4 g6 7. Nf3 Bg7 8. Bd3 O-O
9. O-O a6 10. a4 Bg4 11. h3 Bxf3 12. Qxf3 Nbd7 13. Bf4 Qc7 14. Qe2 Rfe8 15. Qc2
Ne5 16. Rae1 Nfd7 17. Bh2 Nxd3 18. Qxd3 c4 19. Qc2 Nc5 20. Kh1 Rab8 21. f4 b5
22. axb5 axb5 23. f5 Nd3 24. Re2 Bd4 25. Qd2 Kg7 26. Bf4 f6 27. Bh6+ Kg8 28. fxg6
hxg6 29. Be3 Be5 30. Ra1 b4 31. Nd1 Ra8 32. Rb1 Ra2 33. g4 Qh7 34. Kg2 g5 35.
Nf2 Rc8 36. Qd1 b3 37. Bc1 Nxf2 38. Kxf2 Qxh3 39. Re3 Qh2+ 40. Kf1 Qh1+ 41. Ke2
Qg2+ 42. Ke1 Bg3+ 43. Rxg3 Qxg3+ 44. Ke2 Qxg4+ 0-1